Statistics for Top 5 players of every NBA team

Click here to take the quiz!

General Stats

  • This quiz has been taken 33 times
  • The average score is 92 of 150

Answer Stats

HintAnswer% Correct
76ers (SG)James Harden
93%
Celtics (SF)Jayson Tatum
93%
Nets (SF)Kevin Durant
93%
Lakers (SF)LeBron James
93%
Nuggets (C)Nikola Jokic
93%
Hawks (PG)Trae Young
93%
Trail Blazers (PG)Damian Lillard
89%
Spurs (PG)Dejounte Murray
89%
Warriors (PF)Draymond Green
89%
Rockets (SG)Jalen Green
89%
Nuggets (PG)Jamal Murray
89%
Celtics (SG)Jaylen Brown
89%
Nets (PG)Kyrie Irving
89%
Hornets (PG)Lamelo Ball
89%
Bulls (PG)Lonzo Ball
89%
Mavericks (PG)Luka Doncic
89%
Nets (SG)Seth Curry
89%
Warriors (PG)Stephen Curry
89%
Trail Blazers (PG)Anfernee Simons
86%
Lakers (PF)Anthony Davis
86%
Heat (PF)Bam Adebayo
86%
Nets (PG)Ben Simmons
86%
Bucks (C)Brook Lopez
86%
Suns (SG)Devin Booker
86%
Kings (PF)Domantas Sabonis
86%
Bucks (PF)Giannis Antetokounmpo
86%
Heat (SF)Jimmy Butler
86%
76ers (C)Joel Embiid
86%
Pelicans (PF)Zion Williamson
86%
Suns (PG)Chris Paul
82%
Kings (PG)Davion Mitchell
82%
Kings (PG)De'Aaron Fox
82%
Bulls (SF)Demar Derozan
82%
Jazz (SG)Donovan Mitchell
82%
Grizzlies (PG)Ja Morant
82%
Knicks (PF)Julius Randle
82%
Timberwolves (C)Karl Anthony-Towns
82%
Clippers (SF)Kawhi Leonard
82%
Bucks (SF)Khris Middleton
82%
Warriors (SG)Klay Thompson
82%
Bulls (SF)Patrick Williams
82%
Clippers (PF)Paul George
82%
Celtics (C)Robert Williams III
82%
Jazz (C)Rudy Gobert
82%
Bulls (SG)Zach Lavine
82%
Wizards (SG)Bradley Beal
79%
Warriors (SG)Jordan Poole
79%
Bucks (PG)Jrue Holiday
79%
Thunder (SG)Shai Gilgeous-Alexander
79%
Warriors (SF)Andrew Wiggins
75%
Hawks (C)Clint Capela
75%
Rockets (PG)John Wall
75%
Celtics (PG)Marcus Smart
75%
Bulls (C)Nikola Vucevic
75%
Lakers (PG)Russell Westbrook
75%
Grizzlies (C)Steven Adams
75%
Celtics (C)Al Horford
71%
Timberwolves (SF)Anthony Edwards
71%
Pistons (PG)Cade Cunningham
71%
Cavaliers (C)Jarrett Allen
71%
Wizards (PF)Kyle Kuzma
71%
Heat (PG)Kyle Lowry
71%
Raptors (PF)Pascal Siakam
71%
Heat (PG)Tyler Herro
71%
Pelicans (SF)Brandon Ingram
68%
Lakers (PF)Carmelo Anthony
68%
Magic (PG)Cole Anthony
68%
Timberwolves (PG)D'Angelo Russell
68%
Suns (C)Deandre Ayton
68%
Mavericks (PF)Dorian Finney-Smith
68%
Raptors (PG)Fred Vanvleet
68%
Grizzlies (PF)Jaren Jackson Jr
68%
Cavaliers (PF)Kevin Love
68%
Wizards (C)Kristaps Porzingis
68%
Hornets (PF)Miles Bridges
68%
Pacers (PG)Tyrese Haliburton
68%
Nuggets (PF)Aaron Gordon
64%
Cavaliers (PG)Darius Garland
64%
Knicks (PG)Derrick Rose
64%
Suns (SF)Mikal Bridges
64%
Clippers (PG)Reggie Jackson
64%
Cavaliers (PG)Collin Sexton
61%
Heat (SF)Duncan Robinson
61%
Pelicans (C)Jonas Valanciunas
61%
Trail Blazers (C)Jusuf Nurkic
61%
Rockets (PG)Kevin Porter Jr
61%
Nuggets (SF)Michael Porter Jr
61%
Knicks (C)Mitchell Robinson
61%
Hawks (SG)Bogdan Bogdanovic
57%
Jazz (SF)Bojan Bogdanovic
57%
Rockets (C)Christian Wood
57%
Pelicans (SG)CJ McCollum
57%
Cavaliers (C)Evan Mobley
57%
Hornets (SF)Gordon Hayward
57%
Mavericks (SG)Jalen Brunson
57%
Hawks (PF)John Collins
57%
Pacers (PF)Myles Turner
54%
Knicks (SF)RJ Barrett
54%
Nets (C)Andre Drummond
50%
Bucks (C)Bobby Portis Jr
50%
Suns (PF)Cameron Johnson
50%
Grizzlies (SG)Desmond Bane
50%
Kings (SF)Harrison Barnes
50%
Pistons (PF)Jerami Grant
50%
Spurs (PF)Keldon Johnson
50%
Jazz (PG)Mike Conley
50%
Raptors (PF)Scottie Barnes
50%
Mavericks (SF)Spencer Dinwiddie
50%
Hornets (SG)Terry Rozier
50%
Mavericks (PG)Tim Hardaway
50%
76ers (PF)Tobias Harris
50%
76ers (PG)Tyrese Maxey
50%
Pacers (SF)Buddy Hield
46%
Hawks (SF)De'Andre Hunter
46%
Grizzlies (SF)Dillon Brooks
46%
Thunder (PG)Josh Giddey
46%
Magic (SF)Franz Wagner
43%
Spurs (C)Jakob Poeltl
43%
Pacers (PG)Malcolm Brogdon
43%
Magic (C)Mohamed Bamba
43%
Raptors (SF)OG Anunoby
43%
Magic (PF)Wendell Carter Jr
39%
Clippers (SF)Norman Powell
36%
Raptors (SF)Gary Trent Jr
32%
Magic (PF)Jonathan Isaac
32%
Wizards (SF)Kentavious Caldwell-Pope
32%
Thunder (SF)Luguentz Dort
32%
Timberwolves (PG)Patrick Beverley
32%
Pistons (SF)Saddiq Bey
32%
Knicks (PG)Evan Fournier
29%
Pelicans (PF)Herbert Jones
29%
Pistons (C)Isaiah Stewart
29%
Jazz (PG)Jordan Clarkson
29%
Clippers (PF)Marcus Morris Sr
29%
Lakers (SF)Malik Monk
25%
76ers (SG)Matisse Thybulle
25%
Hornets (C)Montrezl Harrell
25%
Wizards (C)Daniel Gafford
21%
Nuggets (SG)Will Barton
21%
Pacers (SF)Chris Duarte
14%
Thunder (PF)Darius Bazley
14%
Spurs (SF)Devin Vassell
14%
Spurs (SF)Josh Richardson
14%
Thunder (PG)Tre Mann
14%
Kings (PG)Donte DiVincenzo
11%
Rockets (SG)Jae'Sean Tate
11%
Trail Blazers (SF)Josh Hart
11%
Timberwolves (PG)Malik Beasley
11%
Trail Blazers (SF)Justice Winslow
7%
Pistons (PF)Kelly Olynyk
7%

Score Distribution

Percentile by Number Answered

Percent of People with Each Score

Your Score History

You have not taken this quiz